| 000 | 00912nas a2200301 4500 | ||
|---|---|---|---|
| 001 | BR9902540 | ||
| 003 | BR-BrBNA | ||
| 005 | 20231205101415.0 | ||
| 007 | ta | ||
| 008 | 230509b bl.|||p| |||| 00| 00por d | ||
| 040 |
_aBR-BrBNA _bpor _cBiblioteca Nacional de Agricultura |
||
| 041 | _a(Pt) | ||
| 072 | _aL10 | ||
| 100 | 1 | _aOliveira, M.A.L. | |
| 100 | 1 | _aLima, P.F. de | |
| 100 | 1 | _aAlves, J.D.R. | |
| 100 | 1 | _aCaldas, J.G.L. | |
| 100 | 1 | _aSantos, A.S. dos | |
| 245 | 1 | _aTransporte de oocitos e manipulacao de zigotos e embrioes de bovinos em diferentes temperaturas | |
| 650 | _aBovino | ||
| 650 | _aEmbriao | ||
| 650 | _aCultura in Vitro | ||
| 650 | _aTemperatura | ||
| 650 | _aInseminacao Artificial | ||
| 773 | 0 |
_tCiencia Veterinaria nos Tropicos (Brazil) _xISSN 1415-6326 _g(Jan-Apr 1999), v. 2(1) p. 45-49 _wBR9902540 |
|
| 909 |
_a202311 _bLúcia _c55 _dLúcia Elande |
||
| 942 |
_2AGRIS _n0 _cANA |
||
| 999 |
_c161642 _d161642 |
||